| Tag |
First Indicator |
Second Indicator |
Subfields |
| LEADER |
00000cam a2200000Ia 4500 |
| 001 |
in00002783961 |
| 005 |
20151202171822.0 |
| 008 |
120311s2012 ie a b 001 0 eng d |
| 016 |
7 |
|
|a 016099563
|2 Uk
|
| 020 |
|
|
|a 9781846823497
|
| 020 |
|
|
|a 1846823498
|
| 035 |
|
|
|a (OCoLC)ocn779879836
|
| 035 |
|
|
|a (OCoLC)779879836
|
| 040 |
|
|
|a BTCTA
|b eng
|c BTCTA
|d UKMGB
|d TXA
|d UtOrBLW
|
| 043 |
|
|
|a e-ie---
|a e-uk---
|
| 049 |
|
|
|a TXAM
|
| 090 |
|
|
|a LA669.61
|b .I75 2012
|
| 245 |
0 |
0 |
|a Irish classrooms and British Empire :
|b imperial contexts in the origins of modern education /
|c David Dickson, Justyna Pyz & Christopher Shepard, editors.
|
| 264 |
|
1 |
|a Dublin :
|b Four Courts Press,
|c [2012]
|
| 264 |
|
4 |
|c ©2012
|
| 300 |
|
|
|a x, 239 pages :
|b illustrations ;
|c 24 cm.
|
| 336 |
|
|
|a text
|b txt
|2 rdacontent
|
| 337 |
|
|
|a unmediated
|b n
|2 rdamedia
|
| 338 |
|
|
|a volume
|b nc
|2 rdacarrier
|
| 504 |
|
|
|a Includes bibliographical references and index.
|
| 650 |
|
0 |
|a Education
|z Ireland
|x History.
|
| 651 |
|
0 |
|a Ireland
|x Foreign relations
|z Great Britain.
|
| 700 |
1 |
|
|a Dickson, David,
|d 1947-
|
| 700 |
1 |
|
|a Pyz, Justyna.
|
| 700 |
1 |
|
|a Shepard, Christopher.
|
| 994 |
|
|
|a C0
|b TXA
|
| 948 |
|
|
|a cataloged
|b h
|c 2012/12/15
|d c
|e nbehmer
|f 2:01:55 pm
|
| 999 |
|
|
|a MARS
|
| 999 |
f |
f |
|s 68021e36-39f3-3d75-acec-0f0c04dc6399
|i fc8ea9ef-b876-38c2-948b-28bbd5c00b91
|t 0
|
| 952 |
f |
f |
|p normal
|a Texas A&M University
|b College Station
|c Sterling C. Evans Library
|d Evans: Library Stacks
|t 0
|e LA669.61 .I75 2012
|h Library of Congress classification
|i unmediated -- volume
|m A14841625557
|
| 998 |
f |
f |
|a LA669.61 .I75 2012
|t 0
|l Evans: Library Stacks
|